000 00901nam a2200265Ia 4500
003 OSt
005 20221005105214.0
006 a|||||r|||| 00| 0
007 ta
008 221004b |||||||| |||| 00| 0 san d
020 _a9788183305969 (hbk)
_cINR 495.00
024 _a29481
037 _b293, 08/03/2017, Eastern Book Linkers
_cTextual
040 _aCRL
_cCRL
_bsan
041 _2san
_asan
082 _aQ122:24, 152Q6
100 _aशर्मा, सीमा
245 0 _aकठोपनिषद्
246 _aKaṭhopaniṣhad
260 _aनई दिल्ली
_bअर्जुन पब्लिशिंग हाउस भारत
_c2016
300 _a97पृ0
_ccm.
650 _aउपनिषद्
942 _hQ122:24, 152Q6
_cTEXL
_2cc
999 _c1015113
_d1015113